| 000 | 01081nam a22002777a 4500 | ||
|---|---|---|---|
| 999 |
_c28991 _d28962 |
||
| 003 | EG-ScBUE | ||
| 005 | 20201025102410.0 | ||
| 008 | 200219s2013 ua o f 000 0 ara d | ||
| 020 | _a9789774522548 | ||
| 040 |
_aEG-ScBUE _bara _erda _cEG-ScBUE _dEG-ScBUE |
||
| 082 | 0 | 4 |
_a720.962 _bج ا ئ _222 |
| 245 | 0 | 0 |
_aجائزة حسن فتحي للعمارة، 2011-2012 = _bThe Hassan Fathi Award for Architecture, 2011-2012 / _cتحرير خالد عصفور. |
| 246 | 3 | 1 | _aHassan Fathi Award for Architecture, 2011-2012 |
| 264 | 1 |
_aالإسكندرية، مصر : _bمركز دراسات الإسكندرية وحضارة البحر المتوسط، _c2013. |
|
| 300 |
_a145 صفحة : _bصور ؛ _c24 سم |
||
| 336 |
_2rdacontent _aنص _btxt |
||
| 337 |
_2rdamedia _aبدون وسيط _bn |
||
| 338 |
_2rdacarrier _aمجلد _bnc |
||
| 541 |
_aAlex. B. ; _cDonation |
||
| 650 | 7 |
_aالعمارة _xجوائز _zمصر. _2BUEsh |
|
| 651 | _2BUEsh | ||
| 653 |
_bENGARC _cOctober2020 |
||
| 655 |
_vReading book _934232 |
||
| 700 | 1 |
_aعصفور، خالد، _eمحرر. |
|
| 942 | _2ddc | ||